La Catedral de León / (Record no. 192245)

MARC details
000 -LEADER
campo de control de longitud fija 01033nam a2200265 i 4500
001 - NÚMERO DE CONTROL
campo de control 192245
003 - IDENTIFICADOR DE NÚMERO DE CONTROL
campo de control SpMaBN
005 - FECHA Y HORA DE LA ÚLTIMA TRANSACCIÓN
campo de control 20250811104137.0
008 - DATOS DE LONGITUD FIJA--INFORMACIÓN GENERAL
campo de control de longitud fija 221128q19111928sp a | ||||o000 0 spa
040 ## - FUENTE DE CATALOGACIÓN
Centro catalogador/agencia de origen SpMaBN
Lengua de catalogación spa
Centro/agencia transcriptor SpMaBN
Normas de descripción rdc
080 ## - NÚMERO DE LA CLASIFICACIÓN DECIMAL UNIVERSAL
Número de la Clasificación Decimal Universal 726.6(460.181 L.)
100 1# - ENTRADA PRINCIPAL--NOMBRE DE PERSONA
Nombre de persona Torbado y Flórez, Juan.
9 (RLIN) 175879
245 13 - MENCIÓN DEL TÍTULO
Título La Catedral de León /
Mención de responsabilidad, etc. cuarenta y ocho ilustraciones, con texto de Juan Torbado y Flórez.
260 ## - PUBLICACIÓN, DISTRIBUCIÓN, ETC.
Lugar de publicación, distribución, etc. Barcelona :
Nombre del editor, distribuidor, etc. Hijos de J. Thomas,
Fecha de publicación, distribución, etc. [entre 1911-1928]
300 ## - DESCRIPCIÓN FÍSICA
Extensión 27 p., 48 p. de lám. ;
Dimensiones 15 cm.
490 1# - MENCIÓN DE SERIE
Mención de serie El arte en España / bajo el patronato de la Comisaría Regia del Turismo y Cultura Artística ;
Designación de volumen o secuencia 15
546 ## - NOTA DE IDIOMA
Nota de lengua/lenguaje Texto en español, francés e inglés.
610 24 - PUNTO DE ACCESO ADICIONAL DE MATERIA--NOMBRE DE ENTIDAD CORPORATIVA
Nombre de entidad corporativa o nombre de jurisdicción como elemento de entrada Catedral de León.
9 (RLIN) 2516
651 #4 - PUNTO DE ACCESO ADICIONAL DE MATERIA--NOMBRE GEOGRÁFICO
Nombre geográfico León-
Subdivisión general Edificios, estructuras, etc.
9 (RLIN) 172802
710 1# - ENTRADA AGREGADA--NOMBRE DE ENTIDAD CORPORATIVA
Nombre de entidad corporativa o nombre de jurisdicción como elemento de entrada España.
Unidad subordinada Comisaría Regia del Turismo.
9 (RLIN) 175864
830 13 - PUNTO DE ACCESO ADICIONAL DE SERIE-TÍTULO UNIFORME
Título uniforme El arte en España
Designación de volumen o secuencia 15
9 (RLIN) 193591
852 4# - LOCALIZACIÓN
Ubicación ES-MaACL
Número de control de estantería C-32216(3)
Holdings
Estatus retirado Estado de pérdida Estado de daño No para préstamo Biblioteca de origen Biblioteca actual Ubicación en estantería Fecha de adquisición Total de préstamos Signatura topográfica completa Código de barras Visto por última vez Precio de reemplazo Tipo de ítem Koha
        Biblioteca del Ateneo de Madrid Biblioteca del Ateneo de Madrid Depósito 2 28/11/2022   C-32216(3) 1204794 23/02/2023 23/02/2023 Libro impreso